Código Penal y leyes penales especiales vigentes en Chile

Saved in:
Bibliografiske detaljer
Hovedforfatter: Matus Acuña, Jean Pierre (autor)
Format: Bog
Sprog:spansk
Udgivet: Santiago Legal Publishing 2015
Udgivelse:1a. ed
Serier:Colección Privada
Fag:
Tags: Tilføj Tag
Ingen Tags, Vær først til at tagge denne postø!

MARC

LEADER 00000cam a2200000 a 4500
001 UCE8129
003 CL-VaPUC
008 150728e20150000cl |||||||||||||||||spa|d
020 |a 9789563466713 
082 0 4 |a 345.83  |b MAT  |2 21 
100 |a Matus Acuña, Jean Pierre  |e autor  |9 622291 
245 1 0 |a Código Penal y leyes penales especiales vigentes en Chile 
250 |a 1a. ed 
300 |a 1064 p 
942 |c BK 
945 |d 20150728 02:04:00  |a dcastane 
260 |a Santiago  |b Legal Publishing  |c 2015 
650 7 |a DERECHO PENAL  |2 CL-VaPUC  |9 11 
650 7 |a DERECHO PENAL CHILENO  |2 CL-VaPUC  |9 580865 
650 0 |a Jurisprudencia  |9 255952 
583 |a last modification  |c 20150728 02:04:00  |k Rodrigo Vera 
490 0 |a Colección Privada 
999 |c 360079  |d 360077 
952 |0 0  |1 0  |3 erb  |4 0  |6 345_830000000000000_MAT_2015  |7 0  |8 A  |9 469717  |a BIBDER  |b BIBDER  |i 519119K  |l 1  |m 5  |o 345.83 MAT 2015  |p 519119K  |q 2025-12-31  |r 2020-03-04  |s 2020-03-04  |w 2019-11-23  |y BK  |z Catalogado en:20150728  |k DER